[Event "SR 3. liga A2 2007/2008"]
[Site "?"]
[Date "2008.01.27"]
[Round "7"]
[White "Liptak, Tomas"]
[Black "Puobis, Jozef"]
[Result "1-0"]
[WhiteElo "1987"]
[BlackElo "2021"]
[PlyCount "69"]
[EventDate "2007.??.??"]

1. e4 e5 2. Nf3 Nc6 3. Bb5 Nf6 4. Qe2 Bc5 5. c3 O-O 6. O-O Re8 7. d3 a6 8. Ba4
h6 9. Nbd2 Qe7 10. b4 Ba7 11. Bb2 b5 12. Bc2 d6 13. h3 Nh5 14. Kh2 Nf4 15. Qd1
g5 16. Ng1 g4 17. g3 Nxh3 18. Nxh3 gxh3 19. Bb3 Qf6 20. Qe2 Ne7 21. f4 Be6 22.
fxe5 Qxe5 23. Bxe6 fxe6 24. Qg4+ Kh8 25. Nf3 Qf6 26. Nh4 Bf2 27. e5 dxe5 28.
Qe2 Bxg3+ 29. Kxg3 Rg8+ 30. Kxh3 Nf5 31. Nxf5 exf5 32. c4 Rae8 33. Rae1 Kh7 34.
Bxe5 Qc6 35. Qf3 1-0

[Event "SR 3. liga A2 2007/2008"]
[Site "?"]
[Date "2008.01.27"]
[Round "7"]
[White "Kubica, Adrian"]
[Black "Vagovsky, Jozef"]
[Result "1/2-1/2"]
[WhiteElo "1938"]
[BlackElo "1983"]
[PlyCount "40"]
[EventDate "2007.??.??"]

1. e4 e5 2. Nf3 Nf6 3. Nxe5 d6 4. Nf3 Nxe4 5. Qe2 Qe7 6. d3 Nf6 7. Bg5 Qxe2+ 8.
Bxe2 Be7 9. O-O O-O 10. Nc3 Re8 11. Rfe1 Bd7 12. d4 c6 13. d5 Bf5 14. Nd4 Bg6
15. Bd3 Bxd3 16. cxd3 Kf8 17. Nf5 Nbd7 18. d4 Nxd5 19. Bxe7+ Nxe7 20. Nxd6 Red8
$11 1/2-1/2

[Event "SR 3. liga A2 2007/2008"]
[Site "?"]
[Date "2008.01.27"]
[Round "7"]
[White "Vlkovic, Pavol"]
[Black "Bott, Tamas"]
[Result "1-0"]
[WhiteElo "1930"]
[BlackElo "1827"]
[PlyCount "31"]
[EventDate "2007.??.??"]

1. e4 e5 2. Nf3 Nc6 3. d4 exd4 4. Bc4 Bc5 5. c3 dxc3 6. Nxc3 Qe7 7. O-O Nf6 8.
Qe2 Ne5 9. Bb3 d6 10. h3 b6 11. Bg5 a5 12. Nd5 Ba6 13. Qd1 Qd8 14. Nxe5 Bxf1
15. Nxf6+ gxf6 16. Bxf7+ 1-0

[Event "SR 3. liga A2 2007/2008"]
[Site "?"]
[Date "2008.01.27"]
[Round "7"]
[White "Kosar, Mikulas st"]
[Black "Liptak, Dusan"]
[Result "0-1"]
[WhiteElo "1902"]
[BlackElo "1729"]
[PlyCount "68"]
[EventDate "2007.??.??"]

1. e4 e6 2. e5 c5 3. Nf3 Nc6 4. b3 Qc7 5. Bb2 Nge7 6. Bb5 a6 7. Bxc6 Nxc6 8.
O-O Be7 9. Re1 O-O 10. d4 cxd4 11. Nxd4 Nxe5 12. Nxe6 Nf3+ 13. Qxf3 fxe6 14.
Qc3 Qxc3 15. Bxc3 d5 16. Nd2 Bd7 17. Nf3 Rac8 18. Ne5 Be8 19. Bd4 Rxc2 20. Kf1
Bb4 21. Rec1 Bb5+ 22. Kg1 Rfc8 23. Rxc2 Rxc2 24. g3 Bc3 25. Bxc3 Rxc3 26. Rb1
Kf8 27. Ra1 Ke7 28. Ng4 Kd6 29. Ne3 d4 30. Rd1 Kc5 31. b4+ Kxb4 32. Rxd4+ Ka3
33. Rd2 $11 Bc6 34. Ng2 Rc1+ 0-1

[Event "SR 3. liga A2 2007/2008"]
[Site "?"]
[Date "2008.01.27"]
[Round "7"]
[White "Hornak, Pavol"]
[Black "Kosar, Mikulas ml"]
[Result "1-0"]
[WhiteElo "1792"]
[BlackElo "1935"]
[PlyCount "58"]
[EventDate "2007.??.??"]

1. d4 d5 2. c4 dxc4 3. e4 b5 4. a4 c6 5. axb5 cxb5 6. Nc3 Bd7 7. Nf3 g6 8. b3
Bg7 9. bxc4 bxc4 10. Bxc4 Qc7 11. Qd3 Nf6 12. e5 Bf5 13. Qe2 Nfd7 14. Nd5 Qb7
15. O-O e6 16. Nc3 O-O 17. Ba3 Rc8 18. Nb5 Qb6 19. Nd6 Nc6 20. Nxc8 Rxc8 21.
Rfd1 Qd8 22. Ba6 Rb8 23. Bd6 Rb6 24. Qd2 Bg4 25. Qf4 Bxf3 26. Qxf3 Nb4 27. Be2
a6 28. Rdc1 Nd5 29. Bxa6 h5 1-0

[Event "SR 3. liga A2 2007/2008"]
[Site "?"]
[Date "2008.01.27"]
[Round "7"]
[White "Doucha, Ludvik"]
[Black "Hecko, Dusan"]
[Result "1/2-1/2"]
[WhiteElo "2102"]
[BlackElo "2123"]
[PlyCount "117"]
[EventDate "2007.??.??"]

1. e4 g6 2. d4 Bg7 3. Nf3 c6 4. a4 d5 5. e5 Bg4 6. h3 Bxf3 7. Qxf3 e6 8. c3 Qc7
9. a5 c5 10. Bb5+ Nc6 11. a6 cxd4 12. cxd4 Nge7 13. O-O O-O 14. Be3 bxa6 15.
Rxa6 Rfb8 16. Qe2 Rb6 17. Rc1 Rxa6 18. Bxa6 Qb6 19. Qb5 Rb8 20. Na3 Qxb5 21.
Bxb5 Rb6 22. Rc2 a6 23. Bxc6 Nxc6 24. Kf1 Bf8 25. Ke2 Bxa3 26. bxa3 Kf8 27. Kd3
Ke7 28. Rc3 Kd7 29. g4 Rb1 30. Bc1 Na5 31. Kc2 Rb6 32. Bh6 Nc4 33. Bc1 Ke7 34.
Bg5+ Kf8 35. Bh6+ Ke8 36. Bc1 Rb7 37. f4 Ke7 38. Rf3 f6 39. h4 Rb8 40. g5 f5
41. h5 Kf7 42. Rh3 Kg7 43. hxg6 hxg6 44. a4 Rb4 45. Rb3 Rxb3 46. Kxb3 Kf7 47.
Kb4 Ke7 48. Kb3 Kd7 49. Ba3 Kc6 50. Bb4 Kb6 51. Be1 Ne3 52. Bd2 Nf1 53. Be1 Nh2
54. Kc2 Nf3 55. Bc3 Nh4 56. Kd3 Nf3 57. Ke3 Nh2 58. Kf2 Ng4+ 59. Kf3 1/2-1/2

[Event "SR 3. liga A2 2007/2008"]
[Site "?"]
[Date "2008.01.27"]
[Round "7"]
[White "Diviak, Rastislav"]
[Black "Stetina, Erik"]
[Result "1-0"]
[WhiteElo "2014"]
[BlackElo "2085"]
[PlyCount "79"]
[EventDate "2007.??.??"]

1. e4 e5 2. Nf3 Nc6 3. Bb5 a6 4. Ba4 Nf6 5. O-O Be7 6. Re1 b5 7. Bb3 d6 8. c3
O-O 9. h3 Nb8 10. d4 Nbd7 11. Nbd2 Bb7 12. Bc2 Re8 13. Nf1 Bf8 14. Ng3 g6 15.
d5 Bg7 16. Bg5 $11 h6 17. Be3 Kh7 18. a4 Nf8 19. Qd2 g5 20. Nf5 Ng6 21. h4 Ng4
22. hxg5 Nxe3 23. Qxe3 Nf4 24. Nxg7 Kxg7 25. gxh6+ Kh7 26. g3 Rg8 27. Kf1 Nh3
28. Ke2 Qf6 29. Rh1 Bc8 30. axb5 Bg4 31. Rxh3 Bxh3 32. bxa6 Bg4 33. a7 Bd7 34.
Bd3 c5 35. dxc6 Bxc6 36. b4 Qe7 37. b5 Qb7 38. b6 f5 39. Ng5+ Kh8 40. exf5 1-0

[Event "SR 3. liga A2 2007/2008"]
[Site "?"]
[Date "2008.01.27"]
[Round "7"]
[White "Sturdik, Igor"]
[Black "Hanzluvka, Peter"]
[Result "1-0"]
[WhiteElo "2020"]
[BlackElo "2052"]
[PlyCount "71"]
[EventDate "2007.??.??"]

1. e4 c5 2. Nf3 d6 3. d4 cxd4 4. Nxd4 Nf6 5. Nc3 a6 6. Bg5 e6 7. f4 Be7 8. Qf3
Qc7 9. O-O-O Nbd7 10. Bd3 b5 11. Rhe1 Nb6 12. a3 h6 13. Bxf6 Bxf6 14. Bxb5+ Kf8
15. e5 Be7 16. Bc6 Rb8 17. Ndb5 axb5 18. exd6 Bxd6 19. Nxb5 Qe7 20. Nxd6 Qf6
21. Ne4 Qe7 22. Qd3 Bb7 23. Bxb7 Qxb7 24. Nc5 Qc8 25. Nd7+ Nxd7 26. Qxd7 g5 27.
Qxc8+ Rxc8 28. Rd4 Kg7 29. b4 Rc3 30. Kb2 Rhc8 31. Re2 R8c6 32. b5 Rc8 33. a4
R3c4 34. Rxc4 Rxc4 35. Kb3 Rc7 36. b6 1-0

[Event "SR 3. liga A2 2007/2008"]
[Site "?"]
[Date "2008.01.27"]
[Round "7"]
[White "Blazkova, Barbora"]
[Black "Bukovsky, Milan"]
[Result "1/2-1/2"]
[WhiteElo "1942"]
[BlackElo "2024"]
[PlyCount "90"]
[EventDate "2007.??.??"]

1. d4 Nf6 2. c4 e6 3. Nc3 Bb4 4. Bd2 c5 5. Nf3 cxd4 6. Nxd4 Nc6 7. Nxc6 bxc6 8.
Qc2 O-O 9. e3 Bb7 10. Bd3 Qc7 11. Ne4 Bxd2+ 12. Nxd2 c5 13. f3 Qe5 14. Nf1 Rab8
15. O-O-O Rfd8 16. Qe2 d5 17. Nd2 Bc6 18. Nb1 dxc4 19. Bxc4 Bd5 20. Bxd5 Nxd5
21. e4 c4 22. Qd2 h6 23. exd5 Rxd5 24. Qc3 Qf4+ 25. Nd2 Rbd8 26. g3 Qd6 27.
Rhe1 Rd3 28. Qc2 c3 29. bxc3 Qa3+ 30. Kb1 Rxc3 31. Qb2 Qa5 32. Rc1 Rcd3 33. Nb3
Qb4 34. f4 Qd6 35. Re2 Rb8 36. Rec2 Rb7 37. Rc8+ Kh7 38. Qe2 g6 39. Qb2 e5 40.
fxe5 Qe6 41. R8c6 Qd5 42. R6c3 Rd2 43. R3c2 Rd3 44. Rc3 Rd2 45. R3c2 Rd3
1/2-1/2

[Event "SR 3. liga A2 2007/2008"]
[Site "?"]
[Date "2008.01.27"]
[Round "7"]
[White "Krist, Milan"]
[Black "Danada, Ondrej"]
[Result "1-0"]
[WhiteElo "2055"]
[BlackElo "1752"]
[PlyCount "61"]
[EventDate "2007.??.??"]

1. d4 Nf6 2. Nf3 g6 3. c4 Bg7 4. Nc3 d5 5. e3 O-O 6. Be2 dxc4 7. Bxc4 Nbd7 8.
O-O c5 9. Qe2 cxd4 10. exd4 Nb6 11. Bb3 e6 12. Rd1 Nbd5 13. Bg5 Qd6 14. Nb5 Qb6
15. Ne5 Bd7 16. Na3 Rac8 17. Bxd5 exd5 18. Bxf6 Ba4 19. Bxg7 Kxg7 20. Rd2 Rfe8
21. Qd3 Rc7 22. b3 f6 23. bxa4 fxe5 24. dxe5 Rxe5 25. g3 Re4 26. Qxd5 Rxa4 27.
Rb1 Qc5 28. Qxc5 Rxc5 29. Rxb7+ Kf6 30. Nb5 Ke6 31. Rxa7 1-0

[Event "SR 3. liga A2 2007/2008"]
[Site "?"]
[Date "2008.01.27"]
[Round "7"]
[White "Pagerka, Slavomir"]
[Black "Mosny, Jaroslav"]
[Result "1/2-1/2"]
[WhiteElo "1691"]
[BlackElo "2014"]
[PlyCount "80"]
[EventDate "2007.??.??"]

1. e4 c5 2. Nf3 d6 3. d4 cxd4 4. Nxd4 Nf6 5. Nc3 a6 6. Be2 e6 7. Be3 Be7 8. O-O
O-O 9. Bf3 Qc7 10. Qe2 Bd7 11. Rad1 Nc6 12. g3 Rac8 13. Bg2 b5 14. a3 Ne5 15.
Na2 g6 16. c3 Nc4 17. Bc1 e5 18. Nc2 a5 19. b3 Nb6 20. Ne3 Be6 21. Nd5 Nbxd5
22. exd5 Bg4 23. f3 Bf5 24. g4 Bb1 25. Bh6 Bxa2 26. Qxa2 Rfe8 27. Rd3 Nd7 28.
g5 Nc5 29. Re3 Nd7 30. Bh3 Rcd8 31. Rfe1 Nb6 32. Rd3 Rb8 33. f4 exf4 34. c4 Nd7
35. Bxd7 Qxd7 36. Qb2 Bf8 37. Rxe8 Rxe8 38. Kf2 Qe7 39. Bxf8 Qe1+ 40. Kf3 Qe4+
$11 1/2-1/2

[Event "SR 3. liga A2 2007/2008"]
[Site "?"]
[Date "2008.01.27"]
[Round "7"]
[White "Puchart, Vladimir"]
[Black "Nemeckayova, Monika"]
[Result "1-0"]
[WhiteElo "2024"]
[BlackElo "1523"]
[PlyCount "39"]
[EventDate "2007.??.??"]

1. d4 d5 2. c4 c6 3. Nc3 e6 4. Nf3 Nf6 5. Bg5 Be7 6. e3 O-O 7. Qc2 Nbd7 8. cxd5
exd5 9. Bd3 Re8 10. O-O Bd6 11. Bxh7+ Kf8 12. Bf5 Qc7 13. Rac1 Nb6 14. Bxf6
gxf6 15. Bxc8 Raxc8 16. Qh7 Ke7 17. g3 Qd7 18. Nh4 Qg4 19. Nf5+ Kd8 20. Nxd6
1-0

[Event "SR 3. liga A2 2007/2008"]
[Site "?"]
[Date "2008.01.27"]
[Round "7"]
[White "Manak, Jozef"]
[Black "Sekera, Branislav"]
[Result "1-0"]
[WhiteElo "2042"]
[BlackElo "2129"]
[PlyCount "129"]
[EventDate "2007.??.??"]

1. e4 c6 2. d4 d6 3. Nc3 Qc7 4. f4 b6 5. Nf3 e6 6. Bd3 Be7 7. O-O d5 8. Ne5 Nf6
9. Qf3 O-O 10. Ne2 Nxe4 11. Bxe4 dxe4 12. Qxe4 Bb7 13. Qe3 Nd7 14. Nxd7 Qxd7
15. b3 Bf6 16. Bb2 c5 17. Rad1 Rfd8 18. c4 Qc6 19. Qf2 Rd7 20. Rd2 Rad8 21.
Rfd1 h6 22. Bc3 Bh4 23. Ng3 Bf6 24. Ne2 cxd4 25. Bxd4 e5 26. Be3 Rxd2 27. Rxd2
Rxd2 28. Bxd2 exf4 29. Bxf4 Qe4 30. Ng3 Qd3 31. Be3 Be5 32. Nf1 Qb1 33. Qd2 Be4
34. Kf2 Bd3 35. Ng3 h5 36. Ne2 Bxh2 37. Nc1 Be4 38. Qd8+ Kh7 39. Qh4 Qc2+ 40.
Ne2 Bd6 41. Qxh5+ Kg8 42. Qg4 Bd3 43. Bd4 Bf8 44. Qf3 Bg6 45. a4 Bd3 46. a5 Bc5
47. Bxc5 bxc5 48. Qe3 Bxe2 49. Qxe2 Qxe2+ 50. Kxe2 f5 51. Kd3 g5 52. Kc3 Kf7
53. b4 cxb4+ 54. Kxb4 f4 55. Kc5 g4 56. Kd4 Ke7 57. Ke4 f3 58. gxf3 gxf3 59.
Kxf3 Kd6 60. Ke4 Kc5 61. Kd3 Kb4 62. Kd4 Kxa5 63. Kc5 Ka4 64. Kd6 Kb4 65. c5
1-0

[Event "SR 3. liga A2 2007/2008"]
[Site "?"]
[Date "2008.01.27"]
[Round "7"]
[White "Bury, Rastislav"]
[Black "Pobjecky, Ivan"]
[Result "0-1"]
[WhiteElo "2130"]
[BlackElo "2040"]
[PlyCount "90"]
[EventDate "2007.??.??"]

1. d4 Nf6 2. c4 g6 3. Nc3 d5 4. Bg5 Ne4 5. Bh4 Nxc3 6. bxc3 Bg7 7. e3 c5 8. Nf3
Nc6 9. Rb1 cxd4 10. cxd4 O-O 11. Bd3 dxc4 12. Bxc4 Na5 13. Bd3 b6 14. O-O Bb7
15. Qe2 Rc8 16. Rfc1 Qd7 17. Ba6 Rxc1+ 18. Rxc1 Rc8 19. Rxc8+ Qxc8 20. Bxb7
Qxb7 21. Ne1 Qe4 22. Bg3 Bxd4 23. Qa6 Bc5 24. Qxa7 Qb1 25. Qa8+ Kg7 26. Be5+ f6
27. Bc3 Bb4 28. Qc8 Bxc3 29. Qxc3 Qxa2 30. Qb4 Qe6 31. Nc2 Qd6 32. Qxd6 exd6
33. Kf1 Kf7 34. Nd4 Ke7 35. Ke2 Kd7 36. Kd3 Nc6 37. Nb3 d5 38. e4 Kd6 39. f4
dxe4+ 40. Kxe4 f5+ 41. Kd3 Kd5 42. h3 Nb4+ 43. Kc3 Na6 44. Nd4 Nc5 45. Nf3 Ne6
0-1

[Event "SR 3. liga A2 2007/2008"]
[Site "?"]
[Date "2008.01.27"]
[Round "7"]
[White "Furjel, Andrej"]
[Black "Lopatievov, Alexander"]
[Result "1/2-1/2"]
[WhiteElo "2033"]
[BlackElo "1905"]
[PlyCount "53"]
[EventDate "2007.??.??"]

1. Nf3 Nf6 2. d4 d5 3. c4 c6 4. Nc3 g6 5. Bf4 Bg7 6. e3 O-O 7. h3 Nbd7 8. cxd5
Nxd5 9. Nxd5 cxd5 10. Be2 Qa5+ 11. Qd2 Qxd2+ 12. Nxd2 e5 13. dxe5 Nxe5 14. O-O
Be6 15. Rac1 Rac8 16. b3 Rxc1 17. Rxc1 Rc8 18. Rxc8+ Bxc8 19. Kf1 Kf8 20. Nf3
Nxf3 21. Bxf3 Be6 22. Bb8 a6 23. Ba7 f5 24. Ke2 Ke8 25. Kd3 Kd7 26. Bd4 Bf8 27.
Bc3 1/2-1/2

[Event "SR 3. liga A2 2007/2008"]
[Site "?"]
[Date "2008.01.27"]
[Round "7"]
[White "Mackovic, Miroslav"]
[Black "Gono, Peter"]
[Result "0-1"]
[WhiteElo "2033"]
[BlackElo "1987"]
[PlyCount "122"]
[EventDate "2007.??.??"]

1. e4 c6 2. d4 d5 3. Nc3 dxe4 4. Nxe4 Nd7 5. Nf3 Ngf6 6. Bd3 Nxe4 7. Bxe4 Nf6
8. Bd3 Bg4 9. c3 e6 10. h3 Bh5 11. O-O Bd6 12. Re1 O-O 13. Bg5 Qc7 14. Bxf6
gxf6 15. g4 Bg6 16. h4 Kg7 17. h5 Bxd3 18. Qxd3 Kh6 19. Kh1 Rg8 20. Rg1 Bf4 21.
Rae1 Rg7 22. Rg2 Rag8 23. Reg1 Qd6 24. b4 a6 25. Ne1 Rd8 26. f3 Rg5 27. Re2
Rdg8 28. Qe4 f5 29. Qd3 fxg4 30. fxg4 Rxg4 31. Rxg4 Rxg4 32. Ng2 Bg5 33. Qf3 f5
34. a4 Kxh5 35. Re5 Kg6 36. Ne3 Rh4+ 37. Kg1 Bxe3+ 38. Qxe3 Kf7 39. Kf2 Qe7 40.
Qg3 Rg4 41. Qh2 Qh4+ 42. Qxh4 Rxh4 43. b5 axb5 44. axb5 Ke7 45. bxc6 bxc6 46.
Ke3 h5 47. c4 Kd6 48. Kd3 Rh3+ 49. Kd2 h4 50. Ke1 Rh2 51. Kf1 h3 52. Re3 f4 53.
Rf3 e5 54. dxe5+ Kxe5 55. Kg1 Rg2+ 56. Kh1 Rg3 57. Rf2 Ke4 58. c5 Rg2 59. Rf1
f3 60. Rd1 Rc2 61. Re1+ Kf4 0-1

[Event "SR 3. liga A2 2007/2008"]
[Site "?"]
[Date "2008.01.27"]
[Round "7"]
[White "Mihalik, Anton"]
[Black "Zarecky, Eduard"]
[Result "1-0"]
[WhiteElo "1981"]
[BlackElo "1906"]
[PlyCount "109"]
[EventDate "2007.??.??"]

1. e4 e5 2. Nf3 Nc6 3. Bb5 d6 4. h3 a6 5. Ba4 Nf6 6. d3 Be7 7. c3 O-O 8. O-O b5
9. Bc2 Bb7 10. Re1 Qd7 11. Nbd2 Rae8 12. Nf1 Nd8 13. d4 exd4 14. cxd4 Ne6 15.
Ng3 g6 16. Bb3 Ng7 17. Bh6 Qd8 18. Qe2 Kh8 19. Ng5 d5 20. e5 Ng8 21. Bxg7+ Kxg7
22. Nf3 Bc8 23. Rac1 Bb4 24. Red1 Ne7 25. Qc2 Ba5 26. Qe2 Nf5 27. Nxf5+ Bxf5
28. Bc2 Bd7 29. a3 Re7 30. b4 Bb6 31. Re1 Re6 32. Qd2 h6 33. Bb3 c6 34. Bc2 Bc7
35. Nh2 f5 36. f4 g5 37. Rf1 Rg6 38. Rf2 h5 39. fxg5 Qxg5 40. Qxg5 Rxg5 41. Nf3
Rg3 42. Kh2 f4 43. Rd1 Bd8 44. Rd3 h4 45. Ne1 Bxh3 46. gxh3 Bb6 47. Nf3 Rh8 48.
Rg2 Kf7 49. Rxg3 hxg3+ 50. Kg2 Rg8 51. Rc3 Rc8 52. Bf5 Rc7 53. Rd3 Ke8 54. h4
Rf7 55. Bg6 1-0

[Event "SR 3. liga A2 2007/2008"]
[Site "?"]
[Date "2008.01.27"]
[Round "7"]
[White "Lukac, Tomas"]
[Black "Curidlo, Jan"]
[Result "1-0"]
[WhiteElo "1819"]
[BlackElo "2042"]
[PlyCount "129"]
[EventDate "2007.??.??"]

1. d4 Nf6 2. c4 e6 3. Nc3 Bb4 4. Qc2 c6 5. Bg5 h6 6. Bh4 Be7 7. Nf3 d6 8. e3
Na6 9. a3 Bd7 10. Bd3 Rc8 11. b4 Nh5 12. Bxe7 Qxe7 13. O-O Nc7 14. Rfd1 Nf6 15.
Rac1 O-O 16. Rd2 e5 17. h3 Rfe8 18. dxe5 dxe5 19. Ne4 Rcd8 20. Rcd1 Bc8 21.
Nxf6+ Qxf6 22. Nxe5 Kf8 23. Ng4 Bxg4 24. hxg4 g6 25. Qa4 a6 26. Qa5 Qe7 27. Qb6
Ne6 28. c5 Rd7 29. Bxa6 Rxd2 30. Rxd2 bxa6 31. Qxc6 Rd8 32. Rxd8+ Qxd8 33. Qxa6
Qd1+ 34. Kh2 Qxg4 35. Qd6+ Ke8 36. c6 Qh4+ 37. Kg1 Qd8 38. Qe5 Ke7 39. b5 Qd1+
40. Kh2 Qd6 41. Qg3 Qxg3+ 42. Kxg3 Kd6 43. f4 f5 44. Kh4 Kc7 45. g4 Ng7 46. Kg3
Kb6 47. a4 Ne8 48. gxf5 gxf5 49. Kh3 Nc7 50. Kh4 Nd5 51. Kh5 Ka5 52. Kxh6 Kxa4
53. Kg5 Kxb5 54. c7 Nxc7 55. Kxf5 Kc6 56. e4 Kd7 57. e5 Ke7 58. Ke4 Kf7 59. f5
Ke7 60. Kf4 Kf7 61. Kg5 Ke7 62. Kg6 Ne8 63. f6+ Nxf6 64. exf6+ Kf8 65. f7 1-0

[Event "SR 3. liga A2 2007/2008"]
[Site "?"]
[Date "2008.01.27"]
[Round "7"]
[White "Bincik, Pavol"]
[Black "Gajarsky, Julius"]
[Result "1-0"]
[WhiteElo "1889"]
[BlackElo "1820"]
[PlyCount "79"]
[EventDate "2007.??.??"]

1. d4 Nf6 2. c4 e6 3. Nf3 d5 4. Nc3 Bb4 5. Bg5 O-O 6. e3 h6 7. Bh4 b6 8. cxd5
exd5 9. Qb3 Bxc3+ 10. bxc3 c6 11. Bd3 Qd6 12. O-O Ne4 13. Bg3 Nxg3 14. hxg3 Be6
15. c4 Nd7 16. Rfc1 Rfc8 17. cxd5 Bxd5 18. Bc4 Bxc4 19. Qxc4 Kf8 20. Rc2 a6 21.
Rac1 g6 22. e4 b5 23. Qb3 Nb6 24. Ne5 Qe7 25. Rxc6 Nc4 26. Rxc8+ Rxc8 27. Nxc4
bxc4 28. Rxc4 Rxc4 29. Qxc4 Qxe4 30. Qxa6 Qxd4 31. Qa5 Qd1+ 32. Kh2 Qe2 33.
Qc5+ Qe7 34. Qxe7+ Kxe7 35. g4 Kd6 36. Kg3 Kd5 37. Kf4 Kd4 38. g5 h5 39. a4 Kd5
40. a5 1-0

[Event "SR 3. liga A2 2007/2008"]
[Site "?"]
[Date "2008.01.27"]
[Round "7"]
[White "Babirat, Michal"]
[Black "Gono, Michal"]
[Result "0-1"]
[WhiteElo "1350"]
[BlackElo "1682"]
[PlyCount "92"]
[EventDate "2007.??.??"]

1. c4 c5 2. Nc3 Nc6 3. Nf3 g6 4. d4 cxd4 5. Nxd4 Bg7 6. Be3 Nf6 7. g3 O-O 8.
Bg2 Ng4 9. Nxc6 bxc6 10. Bd2 Qb6 11. e3 Ne5 12. Qc2 Nxc4 13. Na4 Qb5 14. Bf1
Qd5 15. e4 Qxd2+ 16. Qxd2 Nxd2 17. Kxd2 Rb8 18. Rb1 Rb4 19. Nc3 Bxc3+ 20. Kxc3
Rxe4 21. Rd1 d5 22. Bd3 Re6 23. f4 Rd6 24. Rhe1 Re8 25. Rd2 f6 26. Rde2 Kf7 27.
b4 Bg4 28. Rd2 e5 29. fxe5 fxe5 30. Rf2+ Rf6 31. Rd2 Bf5 32. Bxf5 Rxf5 33. b5
d4+ 34. Kc4 cxb5+ 35. Kxb5 e4+ 36. Kc4 d3 37. Re3 Re6 38. Kd4 Rfe5 39. h4 Ke7
40. g4 Kd6 41. Kc3 Kd5 42. Rb2 Rc6+ 43. Kd2 Kd4 44. Rb4+ Rc4 45. Rb2 Rec5 46.
Re1 Rc2+ 0-1

[Event "SR 3. liga A2 2007/2008"]
[Site "?"]
[Date "2008.01.27"]
[Round "7"]
[White "Sebesta, Radovan"]
[Black "Provaznik, Michal"]
[Result "0-1"]
[WhiteElo "2118"]
[BlackElo "2186"]
[PlyCount "96"]
[EventDate "2007.??.??"]

1. e4 c5 2. Nf3 e6 3. d4 cxd4 4. Nxd4 Nf6 5. Bd3 d6 6. O-O a6 7. Be3 Be7 8. c4
Nbd7 9. Nc3 O-O 10. b3 Ne5 11. h3 d5 12. exd5 Nxd3 13. Qxd3 exd5 14. Rad1 dxc4
15. Qxc4 Qa5 16. a4 Bxh3 17. gxh3 Rfc8 18. Qe2 Qxc3 19. Rd3 Qa5 20. Rfd1 Bf8
21. Qf3 Qh5 22. Qxb7 Qxh3 23. Bg5 Qg4+ 24. Qg2 Qxg2+ 25. Kxg2 Ne4 26. Bf4 Rc3
27. Kf3 Re8 28. Rxc3 Nxc3 29. Rc1 Nd5 30. Bg3 g6 31. Rc6 Nb4 32. Rc4 Nd3 33.
Nc2 h5 34. Rc3 Ne5+ 35. Bxe5 Rxe5 36. Rc6 Bc5 37. Ne3 Bxe3 38. fxe3 Rf5+ 39.
Kg3 g5 40. Rxa6 g4 41. Rb6 Kg7 42. Rb5 Rf3+ 43. Kg2 Kg6 44. a5 h4 45. a6 h3+
46. Kg1 g3 47. a7 h2+ 48. Kg2 Rf1 0-1

[Event "SR 3. liga A2 2007/2008"]
[Site "?"]
[Date "2008.01.27"]
[Round "7"]
[White "Horak, Ivan"]
[Black "Palka, Miroslav"]
[Result "1/2-1/2"]
[WhiteElo "2140"]
[BlackElo "2045"]
[PlyCount "30"]
[EventDate "2007.??.??"]

1. e4 c5 2. Nc3 Nc6 3. f4 g6 4. Bb5 a6 5. Bxc6 dxc6 6. Nf3 Bg7 7. O-O Nf6 8. d3
O-O 9. Qe1 Qc7 10. Qh4 Bd7 11. e5 Nd5 12. Ne4 b6 13. a3 Qd8 14. g4 f5 15. gxf5
Bxf5 1/2-1/2

[Event "SR 3. liga A2 2007/2008"]
[Site "?"]
[Date "2008.01.27"]
[Round "7"]
[White "Skapikova, Lubica"]
[Black "Kovarik, Oto"]
[Result "1/2-1/2"]
[WhiteElo "1988"]
[BlackElo "2054"]
[PlyCount "111"]
[EventDate "2007.??.??"]

1. e4 c5 2. Nf3 d6 3. d4 cxd4 4. Nxd4 e6 5. c4 Be7 6. Nc3 Nf6 7. Be3 O-O 8. Be2
a6 9. O-O Nc6 10. f4 Qc7 11. Qe1 Bd7 12. Qg3 Rad8 13. f5 Ne5 14. Bh6 g6 15.
Bxf8 Rxf8 16. Nf3 Nxc4 17. Rac1 b5 18. Ng5 Qc5+ 19. Kh1 exf5 20. Qh4 Qe5 21.
Nd5 h5 22. Nxe7+ Qxe7 23. Bxc4 bxc4 24. exf5 Bxf5 25. Rce1 Ne4 26. Nf3 Re8 27.
Qxe7 Rxe7 28. Nd4 Bd7 29. Kg1 f5 30. Re3 Re5 31. Rc1 Rc5 32. h3 h4 33. Ra3 a5
34. Rf3 Kg7 35. Re1 Re5 36. Rfe3 g5 37. Nf3 Re6 38. Nd4 Re8 39. Rc1 Rc8 40. Rf3
Kg6 41. Re1 Rb8 42. Re2 a4 43. Rc2 d5 44. Re3 f4 45. Re1 Kf6 46. Rd1 Ke5 47.
Nf3+ Ke6 48. Re2 Rg8 49. Rd4 Bc6 50. Nd2 Ke5 51. Nf3+ Kf5 52. Rdxe4 dxe4 53.
Nd4+ Ke5 54. Nxc6+ Kd6 55. Nd4 e3 56. Nf5+ 1/2-1/2

[Event "SR 3. liga A2 2007/2008"]
[Site "?"]
[Date "2008.01.27"]
[Round "7"]
[White "Sefcik, Marek"]
[Black "Zisek, Jaroslav"]
[Result "1/2-1/2"]
[WhiteElo "1955"]
[BlackElo "1922"]
[PlyCount "32"]
[EventDate "2007.??.??"]

1. e4 c5 2. Nc3 Nc6 3. f4 g6 4. Nf3 Bg7 5. Bc4 d6 6. O-O e6 7. d3 Nge7 8. Qe1
O-O 9. Bd2 a6 10. a4 b6 11. Nd1 Qc7 12. Ra3 Bd7 13. Qh4 d5 14. Ba2 f5 15. exd5
Nxd5 16. Nc3 Qd6 $11 1/2-1/2

[Event "SR 3. liga A2 2007/2008"]
[Site "?"]
[Date "2008.01.27"]
[Round "7"]
[White "Palka, Martin"]
[Black "Jozefovic, Milan"]
[Result "1-0"]
[WhiteElo "1912"]
[BlackElo "1932"]
[PlyCount "71"]
[EventDate "2007.??.??"]

1. e4 e5 2. Nf3 d6 3. d4 exd4 4. Nxd4 Bd7 5. Nc3 Nc6 6. Be3 Nge7 7. f4 Nxd4 8.
Bxd4 Nc6 9. Be3 Be7 10. a3 Bh4+ 11. g3 Bf6 12. Qd2 Bg4 13. Bd3 Bd4 14. O-O O-O
15. Rae1 a6 16. Bc4 Bxe3+ 17. Rxe3 Be6 18. Nd5 b5 19. Ba2 Rb8 20. Qc3 Bxd5 21.
Bxd5 Ne7 22. Ba2 Ng6 23. h4 h6 24. h5 Ne7 25. f5 Kh7 26. f6 gxf6 27. Qxf6 Ng8
28. Qf5+ Kg7 29. Rf4 Qe7 30. Ref3 c5 31. Bxf7 Rb7 32. Qg6+ Kh8 33. Bxg8 Rxg8
34. Qxh6+ Qh7 35. Qxd6 Rbg7 36. Qf6 1-0

[Event "SR 3. liga A2 2007/2008"]
[Site "?"]
[Date "2008.01.27"]
[Round "7"]
[White "Bilovsky, Milan"]
[Black "Fidericky, Milan"]
[Result "1-0"]
[WhiteElo "1872"]
[BlackElo "1883"]
[PlyCount "107"]
[EventDate "2007.??.??"]

1. c4 e5 2. Nc3 c5 3. g3 Nc6 4. Bg2 Be7 5. d3 Nf6 6. f4 d6 7. Nf3 O-O 8. O-O
Bd7 9. a3 a5 10. e4 Bg4 11. h3 Bxf3 12. Bxf3 Nd4 13. Bg2 Qd7 14. f5 Kh8 15. g4
h6 16. Kh2 Nh7 17. Nd5 Qd8 18. Kg3 Bh4+ 19. Kh2 Nf6 20. Nc3 Nh7 21. Ne2 Nf6 22.
Be3 Nh7 23. Ng1 Bg5 24. Bf2 Bf4+ 25. Bg3 Bxg3+ 26. Kxg3 Qg5 27. Nf3 Qf4+ 28.
Kh4 g5+ 29. fxg6 fxg6 30. Nxd4 Qg5+ 31. Kg3 cxd4 32. Qe2 Rf4 33. h4 Qf6 34.
Rxf4 exf4+ 35. Kh3 Rf8 36. Bf3 h5 37. gxh5 gxh5 38. Bxh5 f3 39. Qf2 Qe5 40. Rg1
Qe6+ 41. Bg4 Qf6 42. Bf5 Qe5 43. Qxf3 Qe8 44. Qg3 Qe7 45. Qg6 Qc7 46. Qe6 Qd8
47. Rg6 Rf6 48. Rxf6 Qxf6 49. Qc8+ Nf8 50. Qxb7 Qh6 51. Qf7 Qe3+ 52. Kg4 Qe2+
53. Kg5 Qe3+ 54. Kf6 1-0

[Event "SR 3. liga A2 2007/2008"]
[Site "?"]
[Date "2008.01.27"]
[Round "7"]
[White "Havlicek, Peter"]
[Black "Hrubos, Milan"]
[Result "1-0"]
[WhiteElo "1688"]
[BlackElo "1726"]
[PlyCount "129"]
[EventDate "2007.??.??"]

1. e4 e5 2. Nf3 Nc6 3. Nc3 Bc5 4. Bc4 Nf6 5. O-O O-O 6. d3 d6 7. Bg5 Be6 8. Nd5
Bxd5 9. Bxd5 h6 10. Bh4 Rb8 11. Bxc6 bxc6 12. b3 g5 13. Bg3 Nd7 14. Qd2 f5 15.
exf5 Rxf5 16. Rae1 Qf6 17. Re4 Rxf3 18. gxf3 Qxf3 19. Qe2 Qxe2 20. Rxe2 Nf6 21.
h3 Nd5 22. a4 Nc3 23. Ree1 Bd4 24. Kg2 Rf8 25. f3 Nd5 26. Bf2 Nf4+ 27. Kg3 Bc3
28. Rd1 c5 29. Be3 Nd5 30. Bc1 Kg7 31. h4 gxh4+ 32. Kxh4 Rf6 33. Rg1+ Kh7 34.
Rdf1 Ne7 35. Rh1 Rg6 36. Rhg1 Nf5+ 37. Kh3 Rf6 38. Rg2 Bd4 39. Re2 Rg6 40. Rg2
Rf6 41. f4 Ne3 42. Bxe3 Bxe3 43. f5 Bf4 44. Kg4 h5+ 45. Kxh5 Rxf5+ 46. Kg4 Kg6
47. Rh1 Rf7 48. Kf3+ Kf6 49. Ke4 c6 50. c4 Rd7 51. Rh8 d5+ 52. cxd5 cxd5+ 53.
Kf3 Rb7 54. Rf8+ Ke7 55. Rg7+ Kxf8 56. Rxb7 a5 57. Rb5 Bd2 58. Rxc5 e4+ 59.
dxe4 dxe4+ 60. Kxe4 Ke7 61. Rc6 Kd7 62. Rg6 Bb4 63. Kd5 Kc7 64. Kc4 Kb7 65. Kb5
1-0